Geography Quiz

Random Geography or State Quiz
Score 0/50 Timer 14:00
0 Plays Today
Population City % Correct
1,511,946 (*)San Antonio
99.1%
693,972Washington
99.1%
884,363 (*)San Francisco
98.2%
863,002Indianapolis
98.2%
422,331Minneapolis
98.2%
393,292 (*)New Orleans
98.2%
301,301Cincinnati
97.3%
284,736Lincoln
95.6%
321,959Lexington
92.9%
302,539Henderson
92%
334,136 (*)Santa Ana
89.4%
179,388 (*)Newport News
85.8%
131,014 (*)New Haven
84.1%
244,605Winston-Salem
81.4%
146,444Savannah
80.5%
121,477 (*)Ann Arbor
80.5%
396,394Arlington
79.6%
216,995 (*)San Bernardino
79.6%
122,843Norman
75.2%
121,283Allentown
71.7%
117,306Independence
71.7%
110,861 (*)North Charleston
71.7%
119,045Wilmington
67.3%
201,874 (*)Huntington Beach
64.6%
92,306 (*)Santa Monica
61.1%
Population City % Correct
116,986Lansing
60.2%
110,250Centennial
58.4%
181,330McKinney
57.5%
177,452 (*)Rancho Cucamonga
56.6%
106,739 (*)Sandy Springs
56.6%
136,978Thornton
55.8%
100,119 (*)San Angelo
55.8%
85,866Bloomington
53.1%
85,071Bloomington
53.1%
211,815Fontana
50.4%
136,268Denton
48.7%
94,063Lynn
47.8%
84,964Trenton
46.9%
110,790 (*)San Buenaventura
46%
101,379Renton
45.1%
153,656Sunnyvale
43.4%
86,668 (*)Mount Pleasant (town)
42.5%
88,994Newton
41.6%
100,712Clinton (charter township)
38.9%
94,341Longmont
36.8%
81,607Kennewick
32.7%
91,791Canton (charter township)
30.1%
90,553 (*)San Leandro
30.1%
93,909Plantation
28.3%
83,007Pleasanton
17.7%
Remove Ads.
Support Sporcle.
Get the best of Sporcle when you Go Orange. This ad-free experience offers more features, more stats, and more fun while also helping to support Sporcle. Thank you for becoming a member.

You're not logged in!

Compare scores with friends on all Sporcle quizzes.
OR
Log In

Show Comments

Extras

Top Quizzes Today


Score Distribution

Your Account Isn't Verified!

In order to create a playlist on Sporcle, you need to verify the email address you used during registration. Go to your Sporcle Settings to finish the process.

Report this User

Report this user for behavior that violates our Community Guidelines.

Details: